| 000 | 00451nam a2200169Ia 4500 | ||
|---|---|---|---|
| 008 | 230524s9999 xx 000 0 und d | ||
| 082 |
_a621.382 _bHOR |
||
| 100 | _aEllis Horowitz | ||
| 245 | 0 | _aFundamentals of Data Structures in C | |
| 250 | _a2ND | ||
| 260 |
_aNEW DELHI _bUniversity Press _c2008 |
||
| 300 | _aXVII;610 | ||
| 500 | _aQuantity Number: 10 | ||
| 650 | _aComp-Sc | ||
| 700 | _a"Sartaj Sahni,Susan Anderson-Freed,,," | ||
| 942 | _cBK | ||
| 999 |
_c45409 _d45409 |
||